5HLuxD.jpg

KING HENRY VIII SENIOR AND PRIMARY SCHOOL LIBRARY OPAC

Mr. Happy / (Record no. 2297)

000 -LEADER
fixed length control field 00949aam a22003251i 4500
001 - CONTROL NUMBER
control field 020009783
003 - CONTROL NUMBER IDENTIFIER
control field Uk
005 - DATE AND TIME OF LATEST TRANSACTION
control field 20230411091951.0
006 - FIXED-LENGTH DATA ELEMENTS--ADDITIONAL MATERIAL CHARACTERISTICS
fixed length control field m || d |
007 - PHYSICAL DESCRIPTION FIXED FIELD--GENERAL INFORMATION
fixed length control field cr |||||||||||
008 - FIXED-LENGTH DATA ELEMENTS--GENERAL INFORMATION
fixed length control field 201110s2014 xxk||||jo |||| ||eng
015 ## - NATIONAL BIBLIOGRAPHY NUMBER
National bibliography number GBC0I2689
Source bnb
020 ## - INTERNATIONAL STANDARD BOOK NUMBER
International Standard Book Number 9781780316307
020 ## - INTERNATIONAL STANDARD BOOK NUMBER
International Standard Book Number 1780316305
037 ## - SOURCE OF ACQUISITION
Stock number uk.co.harpercollins.211742
Source of stock number/acquisition Ingram Content Group
040 ## - CATALOGING SOURCE
Original cataloging agency Uk
Language of cataloging eng
Transcribing agency Uk
Modifying agency KH8
042 ## - AUTHENTICATION CODE
Authentication code ukblsr
082 04 - DEWEY DECIMAL CLASSIFICATION NUMBER
Classification number 823.914 HAR
Edition number 23
100 1# - MAIN ENTRY--PERSONAL NAME
Personal name Hargreaves, Roger,
Dates associated with a name 1935-1988,
Relator term artist.
245 10 - TITLE STATEMENT
Title Mr. Happy /
Statement of responsibility, etc. Roger Hargreaves.
264 #1 - PRODUCTION, PUBLICATION, DISTRIBUTION, MANUFACTURE, AND COPYRIGHT NOTICE
Place of production, publication, distribution, manufacture London :
Name of producer, publisher, distributor, manufacturer Egmont,
Date of production, publication, distribution, manufacture, or copyright notice 2014.
300 ## - PHYSICAL DESCRIPTION
Extent 36 pages
336 ## - CONTENT TYPE
Content type term text
Source rdacontent
337 ## - MEDIA TYPE
Media type term computer
Source rdamedia
338 ## - CARRIER TYPE
Carrier type term online resource
Source rdacarrier
490 0# - SERIES STATEMENT
Series statement Mr. Men ;
Volume/sequential designation 3
650 #0 - SUBJECT ADDED ENTRY--TOPICAL TERM
Topical term or geographic name entry element Mr. Men (Fictitious characters)
Form subdivision Pictorial works
-- Juvenile fiction.
655 #7 - INDEX TERM--GENRE/FORM
Genre/form data or focus term Children's stories
Form subdivision Pictorial works.
Source of term gsafd
942 ## - ADDED ENTRY ELEMENTS (KOHA)
Source of classification or shelving scheme
Koha item type Books
Holdings
Withdrawn status Lost status Source of classification or shelving scheme Damaged status Not for loan Collection code Permanent Location Current Location Shelving location Date acquired Total Checkouts Full call number Barcode Date last seen Date last checked out Price effective from Koha item type
          Fiction KH8 Primary School Library KH8 Primary School Library Non Fiction 2023-04-11 12 823.914 HAR KHPL000004046 2026-02-10 2026-02-03 2023-04-11 Books

Powered By KH8 IT Dept